Natural-natural : Paisagem e artificio (Record no. 640)

MARC details
000 -LEADER
campo de control de longitud fija 00605nam a22001817a 4500
008 - DATOS DE LONGITUD FIJA--INFORMACIÓN GENERAL
campo de control de longitud fija 150529b xxu||||| |||| 00| 0 eng d
082 ## - NÚMERO DE LA CLASIFICACIÓN DECIMAL DEWEY
Número de clasificación 708
Número de ítem T231n
100 ## - ENTRADA PRINCIPAL--NOMBRE DE PERSONA
Nombre de persona Tavares, Ana Maria
9 (RLIN) 2867
245 ## - MENCIÓN DEL TÍTULO
Título Natural-natural : Paisagem e artificio
Mención de responsabilidad, etc. Tavares, Ana Maria
260 ## - PUBLICACIÓN, DISTRIBUCIÓN, ETC.
Lugar de publicación, distribución, etc. Brasil
Fecha de publicación, distribución, etc. 1958
300 ## - DESCRIPCIÓN FÍSICA
Extensión 112 p.
Otras características físicas ill. (col)
Dimensiones 24 cm
600 ## - PUNTO DE ACCESO ADICIONAL DE MATERIA--NOMBRE DE PERSONA
Nombre de persona Tavarez, Ana María
Subdivisión general Exhibición
9 (RLIN) 3613
650 ## - PUNTO DE ACCESO ADICIONAL DE MATERIA--TÉRMINO DE MATERIA
Subdivisión general Exhibición
9 (RLIN) 2868
650 ## - PUNTO DE ACCESO ADICIONAL DE MATERIA--TÉRMINO DE MATERIA
Término de materia o nombre geográfico como elemento de entrada Artistas brasileños
9 (RLIN) 3614
650 ## - PUNTO DE ACCESO ADICIONAL DE MATERIA--TÉRMINO DE MATERIA
Término de materia o nombre geográfico como elemento de entrada Arte contemporáneo
Subdivisión geográfica Brasil
9 (RLIN) 3615
700 ## - ENTRADA AGREGADA--NOMBRE PERSONAL
Nombre de persona Tavares, Ana Maria [curadora]
9 (RLIN) 2869
700 ## - ENTRADA AGREGADA--NOMBRE PERSONAL
Nombre de persona Cesar, Victor [co-curador]
9 (RLIN) 3616
Holdings
Estatus retirado Estado de pérdida Fuente del sistema de clasificación o colocación Estado de daño No para préstamo Biblioteca de origen Biblioteca actual Ubicación en estantería Fecha de adquisición Total de préstamos Signatura topográfica completa Código de barras Visto por última vez Precio de reemplazo Tipo de ítem Koha
    Clasificación Decimal Dewey     Biblioteca LadoV Biblioteca LadoV   29/05/2015   708 T 231n 003960 29/05/2015 29/05/2015 Material 01